000 00870nas a2200265 4500
001 BR2010001172
003 BR-BrBNA
005 20231205113935.0
007 ta
008 230509b bl.|||p| |||| 00| 00por d
040 _aBR-BrBNA
_bpor
_cBiblioteca Nacional de Agricultura
041 _a(Pt)
072 _aF04
100 1 _aGuerreiro, C.P.V.
100 1 _aMarques, M.O.M.
100 1 _aFerracini, V.L.
100 1 _aQueiroz, S.C.N.
100 1 _aMing, L.C.
245 1 _aProdução de beta-ecdisona em Pfaffia glomerata (Spreng.)Pedersen em função da adubação orgânica em 6 épocas de crescimento
650 _aMACELA BRANCA
650 _aADUBAÇÃO
773 0 _tRevista Brasileira de Plantas Medicinais (Brazil)
_xISSN 1516-0572
_g(Nov 2009), v. 11(4) p. 392-398
_wBR2010001172
909 _a202311
_bLúcia
_c55
_dLúcia Elande
942 _2AGRIS
_n0
_cANA
999 _c206378
_d206378